Historias de Migrantes. IV Concurso.

Na minha lista:
Detalhes bibliográficos
Autor Corporativo: Consejo Nacional de Población (México)
Formato: Livro
Idioma:espanhol
Assuntos:
Tags: Adicionar Tag
Sem tags, seja o primeiro a adicionar uma tag!

MARC

LEADER 00000nam^a2200000^u^4500
001 000521108
005 20250521000000.0
008 120328s1000^^^^^^^^^^^^r^^^^^000^0^spa^d
009 20260310130514.485
022 |a 9706289690 
035 |a FCE 000065349 
037 |a Acervo ITESO - Biblioteca 
041 |a spa 
082 0 4 |a 304.82  |b CONh 
110 |a Consejo Nacional de Población (México) 
245 1 0 |a Historias de Migrantes.  |b IV Concurso. 
264 |a México:  |b CONAPO : IME : CONACULTA,  |c 2011. 
300 |a 319 p. 
336 |a texto  |b txt  |2 rdacontenido 
337 |a sin mediación  |b n  |2 rdamedio 
338 |a volumen  |b nc  |2 rdasoporte 
649 |a XX 
650 |a Migración 
650 |a Migrantes 
650 |a Testimonios 
910 |a Fondo Centro de Estudios Educativos 
920 |a Impresos - Libros 
930 |a Fondos Especiales 
905 |a 133 
901 |a ALE071610  |b IT2  |c CEE  |u 20250521 
902 |a https://opac.biblio.iteso.mx/vufind/Record/000521108